| 000 | 00728nam a22002177a 4500 | ||
|---|---|---|---|
| 003 | OSt | ||
| 005 | 20200527174928.0 | ||
| 008 | 180816b xxu||||| |||| 00| 0 eng d | ||
| 020 | _a0582550807 | ||
| 040 | _aLB-BrCRDP | ||
| 082 | _a428.24076 H442w | ||
| 100 | _aJohn Brian Heaton | ||
| 245 |
_aWriting English language tests : _ba practical guide for teachers of English as a second or foreign language |
||
| 260 |
_aLondon _bLongman _c1975 |
||
| 300 |
_a236p _c22cm |
||
| 490 | _aLongman handbooks for language teachers. | ||
| 630 | _a English language -- Study and teaching -- Foreign speakers. | ||
| 630 | _a Report writing -- Study and teaching. | ||
| 630 | _a English language -- Ability testing. | ||
| 942 |
_2ddc _cBK |
||
| 999 |
_c19707 _d19707 |
||